000 01270cad a22002295a 4500
001 L149375
008 120821s2012 xxk f 000 0 eng d
020 _a9780717665020
035 _a(Sirsi) u149375
041 0 _aeng
110 2 _aGreat Britain
_bHealth and Safety Executive
245 0 0 _aAsbestos
_bthe survey guide
_h[electronic resource]
250 _a2nd ed.
260 _aLondon
_bHSE
_c2012
490 0 _aHSE Health and Safety Guidance
_vHSG264
520 _aThis publication replaces and expands on MDHS100, Surveying, sampling and assessment of asbestos-containing materials. It is aimed at people carrying out asbestos surveys and people with specific responsibilities for managing asbestos in non-domestic premises under the Control of Asbestos Regulations 2012. The book covers competence and quality assurance and surveys, including: survey planning, carrying out surveys, the survey report and the dutyholder's use of the survey information. It includes extensive appendices and references. RICS contributed to the book.
590 _aKA NTK
651 4 _aUnited Kingdom
_y
690 _aHealth and safety
_96244
856 4 8 _uhttps://www.hse.gov.uk/pubns/priced/hsg264.pdf
_zView the ebook free of charge at http://books.hse.gov.uk
942 _n0
999 _c110473
_d110473